Statistics for More Google suggestions

Click here to take the quiz!

General Stats

  • This quiz has been taken 2,221 times
    (980 since last reset)
  • The average score is 5 of 20

Answer Stats

HintAnswer% Correct
Is Paris a _______country
72%
Why is my son ___gay
67%
What happens if you swallow ___gum
67%
Am I bad in ___bed
52%
Quizmaster is always _____*right
46%
Is music haram in _____Islam
33%
Am I ________pregnant
29%
Was Hitler ______Jewish
24%
Why is my daughter so ____ugly
18%
What should I do if I'm _____bored
17%
Do Americans like _________Canadians
12%
Why are Europeans so ______racist
6%
Is it against the law to drive ________barefoot
3%
Can dogs eat ______apples
2%
Do Chinese people have _________eyelashes
2%
Why do girls like _____jerks
2%
What do humans _____ ____taste like
2%
Where is _____ ______Chuck Norris
1%
Michael Bay is a ______douche
1%
Can I eat my ______period
1%

Score Distribution

Percentile by Number Answered

Percent of People with Each Score

Your Score History

You have not taken this quiz since the last reset